[Event "Liberec op 20th"]
[Site "Liberec"]
[Date "2020.02.25"]
[Round "4"]
[White "Bindrich, Oswald"]
[Black "Lu, Miaoyi"]
[Result "0-1"]
[WhiteElo "2131"]
[BlackElo "1824"]
[PlyCount "94"]
[EventDate "2020.02.22"]
[EventType "swiss"]
[EventRounds "9"]
[EventCountry "CZE"]
[SourceTitle "CBM 195 Extra"]
[Source "ChessBase"]
[SourceDate "2020.05.31"]
[SourceVersion "1"]
[SourceVersionDate "2020.05.31"]
[SourceQuality "1"]

1. e4 c6 2. d4 d5 3. exd5 cxd5 4. c4 Nf6 5. Nc3 Nc6 6. Nf3 g6 7. cxd5 Nxd5 8. Qb3 Nxc3 9. Bc4 e6 10. bxc3 Bg7 11. Ba3 Na5 12. Qa4+ Bd7 13. Bb5 Nc6 14. Qc2 Bf8 15. Bxf8 Kxf8 16. 0-0 Kg7 17. Bd3 Qf6 18. Rab1 Rab8 19. Rfe1 Rhd8 20. h4 Ne7 21. h5 Nd5 22. Ne5 Be8 23. Be4 b5 24. hxg6 hxg6 25. Bxd5 exd5 26. Re3 Bd7 27. Nxd7 Rxd7 28. a4 Rdb7 29. Rf3 Qc6 30. axb5 Rxb5 31. Rxb5 Qxb5 32. Kh2 Rh8+ 33. Rh3 Rxh3+ 34. Kxh3 a5 35. f3 a4 36. Qa2 Qb3 37. Qe2 a3 38. Qe5+ Kh7 39. Qe7 Kg8 40. Qe8+ Kg7 41. Qe5+ Kf8 42. Qd6+ Kg8 43. Qd8+ Kg7 44. Qe7 a2 45. Qe5+ Kf8 46. Qh8+ Ke7 47. Qa8 Qb2 0-1

[Event "Liberec op 16th"]
[Site "Liberec"]
[Date "2016.02.20"]
[Round "9"]
[White "Balinski, Damian"]
[Black "Bindrich, Oswald"]
[Result "1/2-1/2"]
[WhiteElo "2181"]
[BlackElo "2105"]
[PlyCount "25"]
[EventDate "2016.02.13"]
[EventType "swiss"]
[EventRounds "9"]
[EventCountry "CZE"]
[SourceTitle "CBM 170 Extra"]
[Source "ChessBase"]
[SourceDate "2016.02.25"]
[SourceVersion "1"]
[SourceVersionDate "2016.02.25"]
[SourceQuality "1"]

1. d4 Nf6 2. Nf3 g6 3. Bf4 Bg7 4. e3 0-0 5. Be2 c5 6. c3 d6 7. h3 Qb6 8. Qb3 Be6 9. Qxb6 axb6 10. a3 Bd5 11. Nbd2 Bc6 12. 0-0 Nbd7 13. c4 1/2-1/2

[Event "Liberec op 16th"]
[Site "Liberec"]
[Date "2016.02.19"]
[Round "8"]
[White "Bindrich, Oswald"]
[Black "Samborski, Henryk"]
[Result "1-0"]
[WhiteElo "2105"]
[BlackElo "2050"]
[PlyCount "44"]
[EventDate "2016.02.13"]
[EventType "swiss"]
[EventRounds "9"]
[EventCountry "CZE"]
[SourceTitle "CBM 170 Extra"]
[Source "ChessBase"]
[SourceDate "2016.02.25"]
[SourceVersion "1"]
[SourceVersionDate "2016.02.25"]
[SourceQuality "1"]

1. e4 c5 2. Nf3 d6 3. d4 cxd4 4. Nxd4 Nf6 5. Nc3 a6 6. Bg5 Nbd7 7. f4 Qc7 8. Bd3 b5 9. Qe2 Bb7 10. 0-0-0 b4 11. Nd5 Nxd5 12. exd5 Bxd5 13. Bxe7 Bxe7 14. Rhe1 Nc5 15. Nf5 Ra7 16. Nxe7 Qxe7 17. Qd2 Be6 18. f5 0-0 19. fxe6 fxe6 20. Bc4 d5 21. Bxd5 Rd7 22. Rxe6 Rxd5 1-0

[Event "Liberec op 16th"]
[Site "Liberec"]
[Date "2016.02.17"]
[Round "6"]
[White "Bindrich, Oswald"]
[Black "Plischki, Sebastian"]
[Result "0-1"]
[WhiteElo "2105"]
[BlackElo "2381"]
[PlyCount "104"]
[EventDate "2016.02.13"]
[EventType "swiss"]
[EventRounds "9"]
[EventCountry "CZE"]
[SourceTitle "CBM 170 Extra"]
[Source "ChessBase"]
[SourceDate "2016.02.25"]
[SourceVersion "1"]
[SourceVersionDate "2016.02.25"]
[SourceQuality "1"]

1. e4 c5 2. Nf3 d6 3. d4 cxd4 4. Nxd4 Nf6 5. Nc3 a6 6. Be2 e6 7. 0-0 Be7 8. Be3 0-0 9. f4 Qc7 10. a4 Nc6 11. Kh1 Nxd4 12. Bxd4 e5 13. Be3 exf4 14. Rxf4 Be6 15. Bd3 Nd7 16. Nd5 Bxd5 17. exd5 Ne5 18. Bd4 g6 19. Qe2 f5 20. a5 Bf6 21. Bb6 Qg7 22. c3 Rae8 23. Rff1 Nd7 24. Qd2 Nxb6 25. axb6 Re5 26. Rae1 Rfe8 27. Rxe5 Rxe5 28. Re1 Bd8 29. Rxe5 Qxe5 30. Qe2 Qxe2 31. Bxe2 Bxb6 32. g4 Kf7 33. gxf5 gxf5 34. Kg2 Be3 35. Kf3 Bc1 36. b3 Kf6 37. Bd3 Ke5 38. c4 h6 39. Bc2 a5 40. h3 b6 41. Ke2 Bg5 42. Kd1 f4 43. Bg6 f3 44. Ke1 b5 45. cxb5 Be3 46. Kd1 Bb6 47. Bh5 Kf4 48. Ke1 Ke3 49. Kf1 f2 50. Be2 Kd2 51. Bc4 Kc3 52. Ke2 a4 0-1

[Event "EU-ch rapid"]
[Site "Wroclaw"]
[Date "2014.12.20"]
[Round "2"]
[White "Guliyev, Namig"]
[Black "Bindrich, Oswald"]
[Result "1-0"]
[WhiteElo "2557"]
[BlackElo "2122"]
[PlyCount "103"]
[EventDate "2014.12.20"]
[EventType "swiss (rapid)"]
[EventRounds "11"]
[EventCountry "POL"]
[SourceTitle "CBM 164 Extra"]
[Source "ChessBase"]
[SourceDate "2015.03.02"]
[SourceVersion "1"]
[SourceVersionDate "2015.03.02"]
[SourceQuality "1"]

1. e4 e5 2. Nf3 Nc6 3. Bb5 a6 4. Ba4 Nf6 5. 0-0 Nxe4 6. d4 b5 7. Bb3 d5 8. dxe5 Be6 9. Nbd2 Bc5 10. Nxe4 dxe4 11. Bxe6 fxe6 12. Ng5 0-0 13. Qxd8 Nxd8 14. Nxe4 Bd4 15. c3 Bxe5 16. Be3 Nb7 17. g3 Nd6 18. Nc5 Nc4 19. Bc1 Rfe8 20. Rb1 Rad8 21. Nxa6 Nd2 22. Bxd2 Rxd2 23. Nc5 b4 24. Ne4 Rc2 25. f4 Bf6 26. Nxf6+ gxf6 27. cxb4 Rd8 28. Rf2 Rc4 29. a3 Kf7 30. Re1 Rd3 31. Ree2 Ke7 32. Rc2 Rxc2 33. Rxc2 Kd6 34. Kf2 e5 35. fxe5+ fxe5 36. b5 Rb3 37. a4 Rb4 38. Rc6+ Kd7 39. Rh6 Rxa4 40. Rxh7+ Kd6 41. Ke3 Rb4 42. h4 Rxb5 43. g4 Rxb2 44. g5 Ke6 45. g6 Kf6 46. h5 Rb8 47. g7 Rg8 48. h6 c5 49. Rh8 Kf7 50. Ke4 c4 51. Kf5 c3 52. Rxg8 1-0

[Event "Gibraltar Masters 8th"]
[Site "Caleta"]
[Date "2010.02.02"]
[Round "8"]
[White "Forsaa, Espen"]
[Black "Bindrich, Oswald"]
[Result "1/2-1/2"]
[WhiteElo "2301"]
[BlackElo "2173"]
[PlyCount "83"]
[EventDate "2010.01.26"]
[EventType "swiss"]
[EventRounds "10"]
[EventCountry "GGB"]
[SourceTitle "CBM 134 Extra"]
[Source "ChessBase"]
[SourceDate "2010.03.03"]
[SourceVersion "1"]
[SourceVersionDate "2010.03.03"]
[SourceQuality "1"]

1. e4 c5 2. Nf3 d6 3. d4 cxd4 4. Nxd4 Nf6 5. Nc3 e6 6. Be3 a6 7. g4 e5 8. Nf5 g6 9. Bg2 gxf5 10. exf5 h5 11. h3 hxg4 12. hxg4 Rxh1+ 13. Bxh1 Qa5 14. g5 d5 15. gxf6 d4 16. Bxd4 exd4 17. Qxd4 Nc6 18. Bxc6+ bxc6 19. Qe4+ Kd7 20. 0-0-0+ Kc7 21. Qe8 Bh6+ 22. Kb1 Qxf5 23. Qd8+ Kb7 24. Qe7+ Kb8 25. Na4 Ra7 26. Qd6+ Rc7 27. Nb6 Bf4 28. Qf8 Qe6 29. Qb4 Ka7 30. Nxc8+ Rxc8 31. Qxf4 c5 32. Qd6 Rc6 33. Qd7+ Kb6 34. Qd8+ Kb5 35. b3 Qxf6 36. a3 Qxd8 37. Rxd8 Rf6 38. c4+ Kc6 39. Rd2 Rf3 40. Rb2 a5 41. a4 Kd6 42. Kc1 1/2-1/2

[Event "Gibraltar Masters 8th"]
[Site "Caleta"]
[Date "2010.01.27"]
[Round "2"]
[White "Cori Tello, Deysi Estella"]
[Black "Bindrich, Oswald"]
[Result "1-0"]
[WhiteElo "2412"]
[BlackElo "2173"]
[PlyCount "59"]
[EventDate "2010.01.26"]
[EventType "swiss"]
[EventRounds "10"]
[EventCountry "GGB"]
[SourceTitle "CBM 134 Extra"]
[Source "ChessBase"]
[SourceDate "2010.03.03"]
[SourceVersion "1"]
[SourceVersionDate "2010.03.03"]
[SourceQuality "1"]

1. d4 Nf6 2. c4 g6 3. Nf3 Bg7 4. g3 0-0 5. Bg2 d6 6. Nc3 Nc6 7. 0-0 a6 8. h3 Bd7 9. e4 e5 10. Be3 exd4 11. Nxd4 Qc8 12. Nxc6 bxc6 13. Kh2 Re8 14. c5 Re5 15. f4 Rh5 16. f5 gxf5 17. Kg1 f4 18. Rxf4 Bxh3 19. Rxf6 Bxf6 20. Qxh5 Bg4 21. Qh6 Bxc3 22. Qg5+ Kf8 23. cxd6 cxd6 24. Qh6+ Ke7 25. Rf1 Bxb2 26. Bg5+ Ke8 27. Qxh7 f6 28. Qg6+ Kd7 29. Qf7+ Kd8 30. Rxf6 1-0

[Event "Leutersdorf Muench Braeu op 14th"]
[Site "Leutersdorf"]
[Date "2009.02.11"]
[Round "7"]
[White "Wehner, Janis"]
[Black "Bindrich, Oswald"]
[Result "1/2-1/2"]
[WhiteElo "2204"]
[BlackElo "2164"]
[PlyCount "22"]
[EventDate "2009.02.07"]
[EventType "swiss"]
[EventRounds "9"]
[EventCountry "GER"]
[SourceTitle "CBM 128 Extra"]
[Source "ChessBase"]
[SourceDate "2009.03.05"]
[SourceVersion "2"]
[SourceVersionDate "2009.03.25"]
[SourceQuality "1"]

1. e4 e5 2. Nc3 Nc6 3. Bb5 g6 4. Bxc6 dxc6 5. d3 Bg7 6. Be3 b6 7. Qd2 Nf6 8. Bh6 Bxh6 9. Qxh6 Qd4 10. Qd2 Be6 11. Nf3 Qd7 1/2-1/2

[Event "Liberec op"]
[Site "Liberec"]
[Date "2007.11.14"]
[Round "5"]
[White "Bindrich, Oswald"]
[Black "Pokora, Lubomir"]
[Result "1/2-1/2"]
[WhiteElo "2200"]
[BlackElo "1986"]
[PlyCount "47"]
[EventDate "2007.11.10"]
[EventType "swiss"]
[EventRounds "9"]
[EventCountry "CZE"]
[SourceTitle "EXT 2008"]
[Source "ChessBase"]
[SourceDate "2007.11.25"]
[SourceVersion "1"]
[SourceVersionDate "2007.11.25"]
[SourceQuality "1"]

1. e4 e5 2. Nf3 Nf6 3. Nxe5 d6 4. Nf3 Nxe4 5. Nc3 Nxc3 6. dxc3 Be7 7. Be3 Nc6 8. Be2 Be6 9. Qd2 Qd7 10. Bb5 a6 11. Be2 Ne5 12. Bd4 Bf6 13. 0-0-0 Qa4 14. a3 Bf5 15. Rhe1 0-0 16. Kb1 Rad8 17. h3 c5 18. Be3 Nc4 19. Bxc4 Qxc4 20. Qe2 Qb3 21. Qd2 Rfe8 22. Re2 Qb5 23. Rde1 h6 24. Bf4 1/2-1/2

[Event "SVK-ch op-B"]
[Site "Banska Stiavnica"]
[Date "2007.07.14"]
[Round "8.4"]
[White "Tobolski, Jakub"]
[Black "Bindrich, Oswald"]
[Result "0-1"]
[WhiteElo "1993"]
[BlackElo "2195"]
[PlyCount "90"]
[EventDate "2007.07.07"]
[EventType "swiss"]
[EventRounds "9"]
[EventCountry "SVK"]
[SourceTitle "EXT 2010"]
[Source "ChessBase"]
[SourceDate "2010.11.25"]
[SourceVersion "1"]
[SourceVersionDate "2010.11.25"]
[SourceQuality "1"]

1. e4 c5 2. Nf3 d6 3. d4 cxd4 4. Nxd4 Nf6 5. Nc3 a6 6. Be2 e6 7. 0-0 Be7 8. f4 Nc6 9. Be3 Bd7 10. g4 Nxd4 11. Bxd4 Bc6 12. Bf3 0-0 13. Kh1 Qc7 14. g5 Nd7 15. Be3 b5 16. Qe1 Qb7 17. Bd2 b4 18. Nd1 Nc5 19. Nf2 d5 20. e5 Ne4 21. Bxe4 dxe4 22. Be3 Qb5 23. Ng4 Kh8 24. Qh4 Bc5 25. Rfe1 Rad8 26. Qf2 Rd7 27. Re2 Rfd8 28. Rae1 Bd4 29. b3 Bc3 30. Rg1 Rd2 31. Rge1 Rxe2 32. Rxe2 Rd1+ 33. Kg2 Qd5 34. Qh4 Bb5 35. Rf2 Be1 36. Nf6 gxf6 37. f5 Rd2 38. Rxd2 Bxh4 39. Rxd5 exd5 40. gxf6 Bd7 41. Kh3 Be1 42. Kg4 Bc3 43. Kf4 d4 44. Bg1 e3 45. Kf3 Bxf5 0-1

[Event "SVK-ch op-B"]
[Site "Banska Stiavnica"]
[Date "2007.07.09"]
[Round "3"]
[White "Bindrich, Oswald"]
[Black "Holeva, Marek"]
[Result "1-0"]
[WhiteElo "2195"]
[BlackElo "2035"]
[PlyCount "67"]
[EventDate "2007.07.07"]
[EventType "swiss"]
[EventRounds "9"]
[EventCountry "SVK"]
[SourceTitle "CBM 119 Extra"]
[Source "ChessBase"]
[SourceDate "2007.09.04"]
[SourceVersion "1"]
[SourceVersionDate "2007.09.04"]
[SourceQuality "1"]

1. e4 c5 2. Nf3 d6 3. d4 cxd4 4. Nxd4 Nf6 5. Nc3 a6 6. Bg5 e6 7. f4 Qb6 8. Nb3 Nbd7 9. Bd3 Be7 10. Qe2 Qc7 11. 0-0-0 0-0 12. Rhe1 Nc5 13. Nxc5 Qxc5 14. e5 dxe5 15. fxe5 Nd5 16. Ne4 Bxg5+ 17. Nxg5 g6 18. Qf3 Qe7 19. h4 b5 20. Ne4 Bb7 21. Nf6+ Kg7 22. Be4 Rac8 23. h5 h6 24. hxg6 fxg6 25. Qg3 g5 26. Bxd5 Bxd5 27. Rh1 Rxf6 28. exf6+ Qxf6 29. Qd3 Qg6 30. Qd4+ Kg8 31. Rd2 Rc4 32. Qb6 Ra4 33. Rxd5 Rxa2 34. Qd8+ 1-0

[Event "Polanica Zdroj op-A 41st"]
[Site "Polanica Zdroj"]
[Date "2005.08.27"]
[Round "9"]
[White "Bindrich, Oswald"]
[Black "Kepeshchuk, Mykhaylo"]
[Result "1-0"]
[WhiteElo "2148"]
[BlackElo "2261"]
[PlyCount "101"]
[EventDate "2005.08.19"]
[EventType "swiss"]
[EventRounds "10"]
[EventCountry "POL"]
[SourceTitle "CBM 108 Extra"]
[Source "ChessBase"]
[SourceDate "2005.11.04"]
[SourceVersion "1"]
[SourceVersionDate "2005.11.04"]
[SourceQuality "1"]

1. e4 e6 2. d4 d5 3. Nc3 dxe4 4. Nxe4 Nd7 5. Bd3 Ngf6 6. Nf3 c5 7. 0-0 cxd4 8. Nxd4 Be7 9. Re1 0-0 10. c3 Nxe4 11. Bxe4 Nf6 12. Bf3 Qc7 13. g3 e5 14. Nb5 Qc5 15. Qe2 e4 16. Be3 Qc6 17. Nxa7 Rxa7 18. Bxa7 b6 19. Bxe4 Qc7 20. Bxh7+ Kxh7 21. Qxe7 Qc6 22. Qe3 Bb7 23. f3 g6 24. Rad1 Ra8 25. Qf4 Rxa7 26. Rd6 Qc5+ 27. Kg2 Rxa2 28. Rxf6 Rxb2+ 29. Kh1 Bd5 30. Rxf7+ Bxf7 31. Qxf7+ Kh6 32. Qf4+ Kh7 33. Qf6 Rxh2+ 34. Kxh2 Qf2+ 35. Kh3 Qxe1 36. Kg4 Qf2 37. Qf7+ Kh6 38. Qg8 g5 39. Qxg5+ Kh7 40. Qe7+ Kg8 41. Qe8+ Kh7 42. Qd7+ Kg8 43. Qd4 Qe1 44. f4 Qe6+ 45. Kg5 Kf7 46. f5 Qe7+ 47. Kf4 Qc7+ 48. Qe5 Qc4+ 49. Kg5 Qd3 50. Qc7+ Kf8 51. Kf6 1-0

[Event "Polanica Zdroj op-A 41st"]
[Site "Polanica Zdroj"]
[Date "2005.08.22"]
[Round "4"]
[White "Bindrich, Oswald"]
[Black "Jaracz, Barbara"]
[Result "0-1"]
[WhiteElo "2148"]
[BlackElo "2251"]
[PlyCount "92"]
[EventDate "2005.08.19"]
[EventType "swiss"]
[EventRounds "10"]
[EventCountry "POL"]
[SourceTitle "CBM 108 Extra"]
[Source "ChessBase"]
[SourceDate "2005.11.04"]
[SourceVersion "1"]
[SourceVersionDate "2005.11.04"]
[SourceQuality "1"]

1. e4 c5 2. Nf3 e6 3. d4 cxd4 4. Nxd4 Nc6 5. Nc3 Qc7 6. Be3 a6 7. Qd2 Nf6 8. 0-0-0 Nxd4 9. Bxd4 e5 10. Be3 Bb4 11. f3 d6 12. Kb1 Bxc3 13. Qxc3 Qxc3 14. bxc3 Ke7 15. Bc4 Be6 16. Bb3 Rac8 17. Kb2 Rc6 18. Rd3 Rhc8 19. Rhd1 Nd7 20. Ba4 b5 21. Bb3 g6 22. R1d2 R8c7 23. Rd1 Nb6 24. Bxb6 Rxb6 25. Bd5 Bxd5 26. Rxd5 Rc4 27. a3 Rbc6 28. R5d3 f5 29. exf5 gxf5 30. g3 Ke6 31. Re3 d5 32. Rd2 Rc7 33. Kb3 e4 34. f4 Kd6 35. Rd1 Kc5 36. Re2 Rd7 37. Rg1 h5 38. Rgg2 a5 39. Kb2 b4 40. axb4+ axb4 41. cxb4+ Rxb4+ 42. Kc1 d4 43. Re1 Ra7 44. Rgg1 Ra2 45. h3 Rbb2 46. Rg2 d3 0-1

[Event "Krakow op"]
[Site "Krakow"]
[Date "2004.12.27"]
[Round "1"]
[White "Bindrich, Oswald"]
[Black "Solodovnichenko, Yuri"]
[Result "1-0"]
[WhiteElo "2195"]
[BlackElo "2516"]
[PlyCount "54"]
[EventDate "2004.12.27"]
[EventType "swiss"]
[EventRounds "9"]
[EventCountry "POL"]
[SourceTitle "CBM 104 Extra"]
[Source "ChessBase"]
[SourceDate "2005.03.01"]
[SourceVersion "1"]
[SourceVersionDate "2005.03.01"]
[SourceQuality "1"]

1. e4 c5 2. Nf3 d6 3. d4 cxd4 4. Nxd4 Nf6 5. Nc3 e6 6. Be2 a6 7. 0-0 Be7 8. Kh1 b5 9. Bf3 Ra7 10. a3 0-0 11. Qe2 Rc7 12. g3 Bb7 13. Be3 Nbd7 14. Bg2 Qa8 15. f3 Rfc8 16. Nb3 Bd8 17. Bf4 e5 18. Bg5 d5 19. Bxf6 Nxf6 20. exd5 Nxd5 21. Bh3 Nxc3 22. bxc3 Rxc3 23. Bxc8 Qxc8 24. Rad1 Bg5 25. Rd3 Rxc2 26. Nd2 e4 27. fxe4 f5 1-0

[Event "Leutersdorf Muench Braeu op 09th"]
[Site "Leutersdorf"]
[Date "2004.02.09"]
[Round "6"]
[White "Gaponenko, Inna"]
[Black "Bindrich, Oswald"]
[Result "1-0"]
[WhiteElo "2430"]
[BlackElo "2191"]
[PlyCount "33"]
[EventDate "2004.02.07"]
[EventType "swiss"]
[EventRounds "9"]
[EventCountry "GER"]
[SourceTitle "CBM 098 Extra"]
[Source "ChessBase"]
[SourceDate "2004.03.10"]
[SourceVersion "2"]
[SourceVersionDate "2004.03.10"]
[SourceQuality "1"]

1. e4 c5 2. Nf3 d6 3. d4 cxd4 4. Nxd4 Nf6 5. Nc3 a6 6. Be2 e5 7. Nb3 Be7 8. Bg5 Nbd7 9. a4 b6 10. Qd3 Bb7 11. Rd1 Rc8 12. 0-0 0-0 13. Nd2 Nc5 14. Qf3 Nfxe4 15. Bxe7 Qxe7 16. Ndxe4 Nxe4 17. Nxe4 1-0

[Event "Leutersdorf Muench Braeu op 09th"]
[Site "Leutersdorf"]
[Date "2004.02.08"]
[Round "3"]
[White "Dueck, Andreas"]
[Black "Bindrich, Oswald"]
[Result "0-1"]
[WhiteElo "1393"]
[BlackElo "2191"]
[PlyCount "86"]
[EventDate "2004.02.07"]
[EventType "swiss"]
[EventRounds "9"]
[EventCountry "GER"]
[SourceTitle "CBM 098 Extra"]
[Source "ChessBase"]
[SourceDate "2004.03.10"]
[SourceVersion "2"]
[SourceVersionDate "2004.03.10"]
[SourceQuality "1"]

1. e4 c5 2. Nf3 d6 3. d4 cxd4 4. Nxd4 Nf6 5. Nc3 a6 6. Bc4 e6 7. Bb3 Be7 8. Be3 0-0 9. Qe2 b5 10. f3 Bd7 11. 0-0-0 b4 12. Na4 Qa5 13. Nb6 Qxb6 14. Nxe6 Qb7 15. Nxf8 Kxf8 16. g4 Bb5 17. Qg2 a5 18. g5 Nfd7 19. h4 a4 20. Bd5 Bc6 21. h5 Bxd5 22. exd5 Na6 23. g6 hxg6 24. hxg6 Bf6 25. Rh8+ Ke7 26. Rxa8 Qxa8 27. gxf7 Kxf7 28. Qg4 Qe8 29. Qh5+ Ke7 30. Qxe8+ Kxe8 31. Bf4 Ne5 32. Re1 Kd7 33. Bxe5 Bxe5 34. Re4 Kc7 35. f4 Bf6 36. Rc4+ Kd7 37. f5 Be5 38. c3 bxc3 39. bxc3 Nc5 40. Kc2 Ke7 41. Rh4 Kf6 42. Rh5 Ne4 43. Kd3 Nxc3 0-1

[Event "Krakow op-A"]
[Site "Krakow "]
[Date "2003.12.27"]
[Round "1"]
[White "Czakon, Jakub"]
[Black "Bindrich, Oswald"]
[Result "1-0"]
[WhiteElo "2438"]
[BlackElo "2191"]
[PlyCount "71"]
[EventDate "2003.12.27"]
[EventType "swiss"]
[EventRounds "9"]
[EventCountry "POL"]
[SourceTitle "EXT 2006"]
[Source "ChessBase"]
[SourceDate "2005.11.24"]
[SourceVersion "1"]
[SourceVersionDate "2005.11.24"]
[SourceQuality "1"]

1. e4 c5 2. Nf3 d6 3. d4 cxd4 4. Nxd4 Nf6 5. Nc3 a6 6. Be2 e5 7. Nb3 Be7 8. Be3 Be6 9. Nd5 Nxd5 10. exd5 Bc8 11. Qd2 Nd7 12. 0-0 0-0 13. a4 b6 14. a5 b5 15. c4 bxc4 16. Bxc4 f5 17. f3 f4 18. Bf2 Bh4 19. Rfc1 Rb8 20. Rc3 Bxf2+ 21. Qxf2 Nf6 22. Qe2 Kh8 23. Rac1 Qe7 24. Kh1 Nh5 25. Bxa6 Bd7 26. Qf2 Bf5 27. Bd3 Bxd3 28. Rxd3 e4 29. fxe4 Qxe4 30. Qf3 Qe5 31. Nd4 Rxb2 32. Nc6 Qg5 33. a6 Re8 34. Rf1 Qh4 35. Kg1 h6 36. a7 1-0

[Event "Saarlouis op 6th"]
[Site "Saarlouis"]
[Date "2003.05.30"]
[Round "4"]
[White "Bindrich, Oswald"]
[Black "Moews, Thomas"]
[Result "0-1"]
[WhiteElo "2191"]
[BlackElo "1722"]
[PlyCount "122"]
[EventDate "2003.05.??"]
[EventType "swiss"]
[EventRounds "7"]
[EventCountry "GER"]
[SourceTitle "EXT 2006"]
[Source "ChessBase"]
[SourceDate "2005.11.24"]
[SourceVersion "1"]
[SourceVersionDate "2005.11.24"]
[SourceQuality "1"]

1. e4 c5 2. b3 Nc6 3. Nf3 d6 4. Bc4 e6 5. Nc3 Nf6 6. Bb2 a6 7. a4 Be7 8. 0-0 0-0 9. d4 cxd4 10. Nxd4 Bd7 11. Nxc6 Bxc6 12. Qe2 Qc7 13. Rad1 Nd7 14. Na2 b5 15. Bd3 bxa4 16. Nb4 Bb7 17. bxa4 Qb6 18. Bc3 Rfc8 19. Bd2 Nc5 20. a5 Qc7 21. Rc1 Bf6 22. f4 Bd4+ 23. Kh1 Bb2 24. Rb1 Bf6 25. Rbc1 Nxd3 26. cxd3 Qxa5 27. Nd5 Qd8 28. Nxf6+ Qxf6 29. Rb1 Bc6 30. Rb6 Qd8 31. Ba5 Qd7 32. Rc1 Bb5 33. Rf1 Rc5 34. Bb4 Qc7 35. Ba5 Bxd3 36. Qxd3 Rxa5 37. Rxd6 h6 38. Rd7 Qb6 39. h3 Ra2 40. f5 Qb2 41. Qf3 exf5 42. exf5 Rf8 43. Rb7 Qf6 44. Qb3 Ra1 45. Rb1 Re8 46. Rb8 Rxb1+ 47. Qxb1 Rxb8 48. Qxb8+ Kh7 49. Qa8 Qa1+ 50. Kh2 Qe5+ 51. Kh1 a5 52. Qc8 Qd5 53. Qc7 a4 54. Qc2 Qb3 55. Qe4 f6 56. Qg4 a3 57. Qg6+ Kh8 58. Qe8+ Qg8 59. Qa4 a2 60. Kh2 Kh7 61. Kg1 Qd5 0-1

[Event "Saarlouis op 6th"]
[Site "Saarlouis"]
[Date "2003.05.29"]
[Round "2"]
[White "Kretschmer, Thomas"]
[Black "Bindrich, Oswald"]
[Result "1/2-1/2"]
[WhiteElo "1900"]
[BlackElo "2191"]
[PlyCount "62"]
[EventDate "2003.05.??"]
[EventType "swiss"]
[EventRounds "7"]
[EventCountry "GER"]
[SourceTitle "EXT 2006"]
[Source "ChessBase"]
[SourceDate "2005.11.24"]
[SourceVersion "1"]
[SourceVersionDate "2005.11.24"]
[SourceQuality "1"]

1. d4 Nf6 2. Nf3 g6 3. c4 Bg7 4. g3 0-0 5. Bg2 d6 6. 0-0 Nc6 7. Nc3 Na5 8. Nd2 c5 9. d5 a6 10. Qc2 Rb8 11. b3 b5 12. Bb2 Bh6 13. f4 Ng4 14. Nd1 bxc4 15. bxc4 Rxb2 16. Qxb2 Bg7 17. Qc1 Bxa1 18. Qxa1 Qb6 19. h3 Qb4 20. Qc1 Nf6 21. e4 Nd7 22. a3 Qb6 23. Qc3 Qc7 24. Ne3 Nb7 25. Rb1 f6 26. h4 Nd8 27. Bh3 Nb6 28. Bxc8 Nxc8 29. Kg2 Kg7 30. Nf3 Nf7 31. Rb3 Nb6 1/2-1/2

[Event "Leutersdorf Muench Braeu op 08th"]
[Site "Leutersdorf"]
[Date "2003.02.12"]
[Round "1"]
[White "Bindrich, Oswald"]
[Black "Slawtschew, Slavtscho"]
[Result "1-0"]
[WhiteElo "2191"]
[BlackElo "1663"]
[PlyCount "65"]
[EventDate "2003.02.12"]
[EventType "swiss"]
[EventRounds "9"]
[EventCountry "GER"]
[SourceTitle "CBM 092 Extra"]
[Source "ChessBase"]
[SourceDate "2003.03.07"]
[SourceVersion "1"]
[SourceVersionDate "2003.03.07"]
[SourceQuality "1"]

1. e4 c5 2. Nf3 d6 3. d4 cxd4 4. Nxd4 Nf6 5. Nc3 a6 6. Bg5 e5 7. Nb3 Be6 8. Qe2 Be7 9. Bxf6 Bxf6 10. 0-0-0 0-0 11. Kb1 Qc7 12. Nd5 Bxd5 13. exd5 Nd7 14. h4 Nc5 15. Nxc5 Qxc5 16. g4 e4 17. g5 Bd4 18. Qxe4 Bxf2 19. Bd3 g6 20. h5 Qe3 21. Qg2 Qg3 22. Qe4 Rae8 23. Qb4 Qe5 24. Qg4 Qg7 25. c3 b5 26. Rhf1 Bc5 27. Rf6 Re5 28. h6 Qh8 29. Rdf1 Re7 30. Qf4 Rd7 31. Be2 Re7 32. Bg4 a5 33. Be6 1-0